<?xml version="1.0" encoding="UTF-8"?>
<record
    xmlns:xsi="http://www.w3.org/2001/XMLSchema-instance"
    xsi:schemaLocation="http://www.loc.gov/MARC21/slim http://www.loc.gov/standards/marcxml/schema/MARC21slim.xsd"
    xmlns="http://www.loc.gov/MARC21/slim">

  <leader>01753nam a2200313 i 4500</leader>
  <controlfield tag="003">DO-SdBNP</controlfield>
  <controlfield tag="005">20260321073645.0</controlfield>
  <controlfield tag="007">ta</controlfield>
  <controlfield tag="008">230714b2000    dr ||||| |||| 00| 0 spa d</controlfield>
  <datafield tag="020" ind1=" " ind2=" ">
    <subfield code="a">9993410144</subfield>
  </datafield>
  <datafield tag="040" ind1=" " ind2=" ">
    <subfield code="a">DO-SdBNP</subfield>
    <subfield code="b">spa</subfield>
    <subfield code="c">BNPHU</subfield>
    <subfield code="e">rda</subfield>
  </datafield>
  <datafield tag="041" ind1=" " ind2=" ">
    <subfield code="a">spa</subfield>
  </datafield>
  <datafield tag="082" ind1=" " ind2="4">
    <subfield code="a">987.04</subfield>
    <subfield code="b">B742b 2000</subfield>
    <subfield code="2">22</subfield>
  </datafield>
  <datafield tag="100" ind1="1" ind2=" ">
    <subfield code="a"> Bosch, Juan, </subfield>
    <subfield code="d">1909-2001</subfield>
    <subfield code="e">autor</subfield>
    <subfield code="4">aut.</subfield>
    <subfield code="9">76555</subfield>
  </datafield>
  <datafield tag="245" ind1="1" ind2="0">
    <subfield code="a">Bol&#xED;var y la guerra social /</subfield>
    <subfield code="c">Juan Bosch.</subfield>
  </datafield>
  <datafield tag="250" ind1=" " ind2=" ">
    <subfield code="a">S&#xE9;ptima edici&#xF3;n</subfield>
  </datafield>
  <datafield tag="264" ind1=" " ind2="1">
    <subfield code="a">Santo Domingo, Rep&#xFA;blica Dominicana :  </subfield>
    <subfield code="b">Editora Alfa y Omega,</subfield>
    <subfield code="c">2000.</subfield>
  </datafield>
  <datafield tag="300" ind1=" " ind2=" ">
    <subfield code="a">201 p&#xE1;ginas ;</subfield>
    <subfield code="c">21 cm.</subfield>
  </datafield>
  <datafield tag="336" ind1=" " ind2=" ">
    <subfield code="a">texto</subfield>
    <subfield code="b">txt</subfield>
    <subfield code="2">rdacontent</subfield>
  </datafield>
  <datafield tag="337" ind1=" " ind2=" ">
    <subfield code="a">sin mediaci&#xF3;n</subfield>
    <subfield code="b">n</subfield>
    <subfield code="2">rdamedia</subfield>
  </datafield>
  <datafield tag="338" ind1=" " ind2=" ">
    <subfield code="a">volumen</subfield>
    <subfield code="b">nc</subfield>
    <subfield code="2">rdacarrier</subfield>
  </datafield>
  <datafield tag="500" ind1=" " ind2=" ">
    <subfield code="a">Incluye referencias bibliogr&#xE1;ficas y notas al pie de las p&#xE1;ginas</subfield>
  </datafield>
  <datafield tag="505" ind1="0" ind2=" ">
    <subfield code="a">Primera parte--</subfield>
    <subfield code="t">Los antecedentes --</subfield>
    <subfield code="t">Las guerras americanas --</subfield>
    <subfield code="t">El siglo de oro americano --</subfield>
    <subfield code="t">Venezuela en la primera mitad del siglo XVIII --</subfield>
    <subfield code="t">Una carta expresiva --</subfield>
    <subfield code="t">Fin del siglo XVIII en Espa&#xF1;a y Venezuela --</subfield>
    <subfield code="t">La rotura de los v&#xED;nculos --</subfield>
    <subfield code="g">Segunda parte:</subfield>
    <subfield code="t">La guerra social --</subfield>
    <subfield code="t">la guerra social en marcha --</subfield>
    <subfield code="t">Miranda y Bol&#xED;var --</subfield>
    <subfield code="t">Jos&#xE9; Tom&#xE1;s Boves --</subfield>
    <subfield code="t">El a&#xF1;o terrible de Venezuela --</subfield>
    <subfield code="t">El final de la guerra social --</subfield>
    <subfield code="g">Tercera parte :</subfield>
    <subfield code="t">Efectos de la guerra social en la acci&#xF3;n libertadora de Bol&#xED;var --</subfield>
    <subfield code="t">El tr&#xE1;nsito de la guerra social a la independencia --</subfield>
    <subfield code="t">La influencia de Hait&#xED; en la obra de Bol&#xED;var --</subfield>
    <subfield code="t">El fusilamiento de Piar --</subfield>
    <subfield code="t">Por salvar a Caracas... --</subfield>
    <subfield code="t">La corza herida --</subfield>
    <subfield code="t">Conclusi&#xF3;n --</subfield>
    <subfield code="t">Resumen.</subfield>
  </datafield>
  <datafield tag="590" ind1=" " ind2=" ">
    <subfield code="a">Inventariado, 2023/BT</subfield>
  </datafield>
  <datafield tag="600" ind1="1" ind2="0">
    <subfield code="a">Bol&#xED;var, Sim&#xF3;n,</subfield>
    <subfield code="d">1783-1830</subfield>
    <subfield code="9">253</subfield>
  </datafield>
  <datafield tag="651" ind1=" " ind2="4">
    <subfield code="a">Venezuela</subfield>
    <subfield code="x">Historia</subfield>
    <subfield code="y">1810-1822</subfield>
    <subfield code="9">252</subfield>
  </datafield>
  <datafield tag="910" ind1=" " ind2=" ">
    <subfield code="a">Btav&#xE1;rez. Validado. Control de calidad/MAA</subfield>
  </datafield>
  <datafield tag="942" ind1=" " ind2=" ">
    <subfield code="2">ddc</subfield>
    <subfield code="c">LBS1</subfield>
  </datafield>
  <datafield tag="952" ind1=" " ind2=" ">
    <subfield code="0">0</subfield>
    <subfield code="1">0</subfield>
    <subfield code="2">ddc</subfield>
    <subfield code="5">1</subfield>
    <subfield code="7">0</subfield>
    <subfield code="8">PD</subfield>
    <subfield code="a">BNPHU</subfield>
    <subfield code="b">BNPHU</subfield>
    <subfield code="c">HD</subfield>
    <subfield code="d">2014-06-09</subfield>
    <subfield code="e">Donado por Manuel Ortiz</subfield>
    <subfield code="l">0</subfield>
    <subfield code="o">BNPHU PD 987.04 B742b 2000</subfield>
    <subfield code="p">2023-4878</subfield>
    <subfield code="r">2023-07-14</subfield>
    <subfield code="w">2023-07-14</subfield>
    <subfield code="y">LBS1</subfield>
  </datafield>
  <datafield tag="952" ind1=" " ind2=" ">
    <subfield code="0">0</subfield>
    <subfield code="1">0</subfield>
    <subfield code="2">ddc</subfield>
    <subfield code="5">1</subfield>
    <subfield code="7">0</subfield>
    <subfield code="8">PD</subfield>
    <subfield code="a">BNPHU</subfield>
    <subfield code="b">BNPHU</subfield>
    <subfield code="c">HD</subfield>
    <subfield code="d">2015-10-12</subfield>
    <subfield code="e">Donado por Maritza B&#xE1;ez </subfield>
    <subfield code="l">0</subfield>
    <subfield code="o">BNPHU PD 987.04 B742b 2000</subfield>
    <subfield code="p">2025-12788</subfield>
    <subfield code="r">2025-11-07</subfield>
    <subfield code="t">e. 2</subfield>
    <subfield code="w">2025-11-07</subfield>
    <subfield code="y">LBS1</subfield>
  </datafield>
  <datafield tag="999" ind1=" " ind2=" ">
    <subfield code="c">54176</subfield>
    <subfield code="d">54176</subfield>
  </datafield>
</record>
